Riešené situácie z navrhovania experimentov

Bibliographic Details
Main Authors: Pázman, Andrej, 1938- (Author), Mikulecká, Jaroslava, 1948- (Author), Raffaj, Vladimír (Author), Tokošová, Marta (Author)
Format: Book
Language:Slovak
PhysicalDescription:200 strán grafy, schémy, tabuľky 21 cm
Published: Bratislava Alfa 1986
Edition:1. vyd.
Series:Edícia matematicko-fyzikálnej literatúry
Subjects:

MARC

LEADER 00000cam a2200000 a 4500
001 vtls001087966
003 SK-MaSNL
005 20260301001028.0
008 240226s1986 xo dl frn 000 0 slo
015 |a SNBA1986/06 
020 |q (viazané) 
035 |a SNK000030806 
035 |a 9BD43747-480F-4EDC-9F1C-0382443E2AF3 
035 |a urn:nbn:sk:snk-am00igp8 
040 |a SNK  |b slo  |c SNK  |e AACR2 
041 0 |a slo 
044 |a xo  |c SK 
072 7 |a 519  |x Kombinatorika. Teória grafov. Matematická štatistika. Operačný výskum. Matematické modelovanie  |2 konspekt 
080 |a 519.24  |2 1981 
080 |a 001.891.5  |2 2011 
080 |a 519.673  |2 2011 
080 |a (048.8)  |2 2011 
080 |a 519.85  |2 2011 
245 0 0 |a Riešené situácie z navrhovania experimentov  |c Andrej Pázman, Jaroslava Mikulecká, Vladimír Raffaj, Marta Tokošová 
250 |a 1. vyd. 
260 |a Bratislava  |b Alfa  |c 1986  |e Bratislava  |f Svornosť 
300 |a 200 strán  |b grafy, schémy, tabuľky  |c 21 cm 
490 1 |a Edícia matematicko-fyzikálnej literatúry 
500 |a Obsahuje zoznam najpouživanejších symbolov 
504 |a Bibliografia na strane 196-198 
650 0 7 |a vedecké pokusy  |2 SNKPH  |9 69059 
650 0 7 |a matematické modelovanie  |2 SNKPH  |9 4279 
650 0 7 |a matematická optimalizácia  |2 SNKPH  |9 4994 
655 7 |a monografie  |2 SNKPH  |9 70139 
700 1 |a Pázman, Andrej,  |d 1938-  |4 aut  |9 222676 
700 1 |a Mikulecká, Jaroslava,  |d 1948-  |4 aut  |9 201785 
700 1 |a Raffaj, Vladimír  |4 aut  |9 278781 
700 1 |a Tokošová, Marta  |4 aut  |9 278782 
830 0 |a Edícia matematicko-fyzikálnej literatúry  |9 276804 
852 |a Slovenská národná knižnica 
954 |a odborná, vedecká literatúra pôvodná (slovenská)  |2 lita 
958 |a OND 
958 |a NB 
958 |a TL 
958 |a EUIPO 
999 |c 534014  |d 535944 
952 |t P60, <04>, [BOOK], {604}  |a SNK  |b SNK  |y VYP  |7 0  |p 17A0164996  |o snkSC 65965 D1  |0 0  |1 0  |4 0  |d 1998-10-08  |l 0  |r 2004-12-31 00:00:00  |w 2026-02-23 
952 |a SNK  |b SNK  |y PREZ  |7 0  |p 17A0932992  |o snkSC 65965  |i snkKSP 2952/86  |0 0  |1 0  |4 0  |d 2012-08-07  |f 1  |l 0  |r 2025-07-07 00:00:00  |w 2026-02-23